LEADER 00826nam0-2200265 --450 001 9911008695803321 005 20250617100054.0 010 $a978-88-491-5562-4 100 $a20250617d2018----kmuy0itay5050 ba 101 0 $aita 102 $aIT 105 $a 001yy 200 1 $aForme di dipendenza rurale nel Medioevo$eservi, coltivatori liberi e vassalli contadini nei secoli 9.-14.$fFrancesco Panero 210 $aBologna$cCLUEB$d2018 215 $a229 p.$d21 cm 225 1 $aBiblioteca di storia agraria medievale$v38 676 $a306.364$v23$zita 700 1$aPanero,$bFrancesco$0166967 801 0$aIT$bUNINA$gREICAT$2UNIMARC 901 $aBK 912 $a9911008695803321 952 $aV D 308$b2025/1028$fFGBC 959 $aFGBC 996 $aForme di dipendenza rurale nel Medioevo$94394594 997 $aUNINA LEADER 03077oas 2201057 a 450 001 9910138872003321 005 20251105213014.0 011 $a1433-2787 035 $a(DE-599)ZDB1481381-6 035 $a(DE-599)1481381-6 035 $a(OCoLC)44278762 035 $a(CONSER) 2001207120 035 $a(CKB)954933110381 035 $a(EXLCZ)99954933110381 100 $a19991208a19979999 sy 101 0 $aeng 135 $aurcnu|||||||| 181 $ctxt$2rdacontent 182 $cc$2rdamedia 183 $acr$2rdacarrier 200 00$aInternational journal on software tools for technology transfer $eSTTT 210 $aBerlin $cSpringer$d1997- 300 $aRefereed/Peer-reviewed 300 $aTitle from electronic journal home page. 311 08$a1433-2779 330 $aProvides a forum discussing all aspects of tools that aid in the development of computer systems. 517 3 $aSTTT 517 3 $aSoftware tools for technology transfer 531 0 $aInt. j. softw. tools technol. transf. 606 $aComputer software$xDevelopment$vPeriodicals 606 $aSystems software$vPeriodicals 606 $aTechnology transfer$vPeriodicals 606 $aComputer programming$xManagement$vPeriodicals 606 $aLogiciels$vPe?riodiques 606 $aComputer programming$xManagement$2fast$3(OCoLC)fst00872399 606 $aComputer software$xDevelopment$2fast$3(OCoLC)fst00872537 606 $aSystems software$2fast$3(OCoLC)fst01141476 606 $aTechnology transfer$2fast$3(OCoLC)fst01145295 606 $aProgramació (Ordinadors)$2thub 606 $aProgramari$2thub 606 $aTransferència de tecnologia$2thub 608 $aPeriodicals.$2fast 608 $aPeriodicals.$2lcgft 608 $aRevistes electròniques.$2thub 615 0$aComputer software$xDevelopment 615 0$aSystems software 615 0$aTechnology transfer 615 0$aComputer programming$xManagement 615 6$aLogiciels 615 7$aComputer programming$xManagement. 615 7$aComputer software$xDevelopment. 615 7$aSystems software. 615 7$aTechnology transfer. 615 7$aProgramació (Ordinadors) 615 7$aProgramari. 615 7$aTransferència de tecnologia. 676 $a005 712 02$aSpringer (Firm), 801 0$bNRC 801 1$bNRC 801 2$bC@R 801 2$bOCL 801 2$bDLC 801 2$bOCLCQ 801 2$bMUQ 801 2$bORU 801 2$bOCLCS 801 2$bOCL 801 2$bQCL 801 2$bGUA 801 2$bCLU 801 2$bOCLCQ 801 2$bUKMGB 801 2$bOCLCQ 801 2$bOCLCF 801 2$bOCLCO 801 2$bVT2 801 2$bOCLCO 801 2$bOCLCQ 801 2$bDLC 801 2$bUBY 801 2$bOCLCQ 801 2$bU3W 801 2$bOCLCQ 801 2$bSXB 801 2$bOCLCL 801 2$bOCLCQ 906 $aJOURNAL 912 $a9910138872003321 996 $aInternational journal on software tools for technology transfer$92051362 997 $aUNINA